[Event "EU-Cup 23rd"]
[Site "Kemer"]
[Date "2007.10.07"]
[Round "5.3"]
[White "Grischuk, Alexander"]
[Black "Avrukh, Boris"]
[Result "1-0"]
[WhiteElo "2715"]
[BlackElo "2645"]
[Annotator "Avrukh,B"]
[PlyCount "65"]
[EventDate "2007.10.03"]
[EventType "team-swiss"]
[EventRounds "7"]
[EventCountry "TUR"]
[SourceTitle "CBM 121"]
[Source "ChessBase"]
[SourceDate "2007.11.14"]
[SourceVersion "1"]
[SourceVersionDate "2007.11.14"]
[SourceQuality "1"]
[WhiteTeam "Ural Sverdlovskaya"]
[BlackTeam "Ashdod"]
[WhiteTeamCountry "RUS"]
[BlackTeamCountry "ISR"]

1. Nf3 Nf6 2. c4 g6 3. Nc3 d5 4. cxd5 Nxd5 {This is the variation which is
known as the Anti-Grünfeld. Despite being a Grünfeld player for many years, I
didn't like the black side of the Anti-Grünfeld. But recently, following the
games of Sutovsky I have found it quite reliable . Usually I meet 1 Nf3 with 1.
..c5, but in this game I was afraid of 2 e4! transposing to the Sicilian,where
Alexander has won a huge number of brilliant games.} 5. g3 ({White has two
other alternatives} 5. Qb3) ({and} 5. Qa4+) 5... Bg7 6. Bg2 Nb6 7. d4 {Finally
the game has transposed to the normal Grünfeld with g3.} ({The alternative
would have been} 7. d3 O-O 8. O-O Nc6 {with complicated play.}) 7... Nc6 8. e3
e5 {A rare continuation , which recently has got some popularity.} ({Black
commonly continues with} 8... O-O 9. O-O Re8) 9. d5 Ne7 10. e4 Bg4 11. h3 Bxf3
12. Qxf3 {Definitely the best recapture.} ({Black has a normal game after} 12.
Bxf3 c6 {see the encounter Horvath-Popovic 2000}) 12... c6 13. O-O cxd5 14.
Nxd5 ({The alternaitve} 14. exd5 Nf5 {with a complicated battle. You can see
two recent encounters Aronian -Bologan 2005 and Bocharov-Roiz 2007}) 14...
Nexd5 $6 $146 {A very unfortunate choice; I simply mixed up the ideas. I
thought I would go 15 ed Nc4 following up with 16...Nd6. In fact Black should
capture with the other N, followed by 16...Nf5.} (14... Nc6 15. Qa3 $1 {
[%csl Ge8]} Bf8 16. Qd3 $14) ({Black should play} 14... Nbxd5 $142 15. exd5 Nf5
{here is the latest example :} 16. Qa3 Qd6 17. b3 Qxa3 18. Bxa3 O-O-O 19. Rac1+
Kb8 20. Rfe1 Rd7 21. Bb2 f6 22. g4 Ne7 23. f4 Nxd5 24. fxe5 fxe5 25. Bxe5+ Bxe5
26. Rxe5 {1/2-1/2 Pert,N-Zhigalko,A/Turin ITA 2006/CT-2032}) 15. exd5 Qd6 $2 {
Another questionable decision.} ({I was really very disappointed to discover,
that after the planned} 15... Nc4 $6 {White has the very strong} 16. d6 $1 {
, during the game I didn't manage to find any decent continuation for Black.
Also at that moment I realised , that I had done something wrong in the
opening:).} Nxd6 (16... Qxd6 17. Qb3 $1 {even stronger than} (17. Qxb7 O-O 18.
b3 $14) 17... Nb6 18. Rd1 $36) 17. Rd1 Qe7 (17... Qb6 $6 18. Be3 Qa6 19. Bf1
$18) 18. Qa3 (18. Bd2) 18... Nb5 19. Qa5 a6 20. Bd2 (20. a4 $5 Nd4 21. Rxd4
exd4 22. Bg5 Bf6 23. Re1 Bxg5 24. Rxe7+ Bxe7 25. Bxb7 Rd8 26. Bxa6 O-O 27. Bd3
$16) 20... Rc8 21. Bb4 Qc7 22. Rac1 Qxc1 23. Rxc1 Rxc1+ 24. Kh2 $16 {[%csl Re8]
}) ({The natural} 15... O-O {would have been Black's option} 16. Qb3 (16. d6
Qxd6 17. Qxb7 f5 $1 $13 {[%csl Gg2][%cal Ge5e4] with idea 18...e4}) 16... Re8
$1 (16... Qd6 17. Bd2 {transposes to the game}) {Anyway White keeps a pleasant
edge after} 17. Rd1 (17. a4 Rc8) (17. Bd2 $5 e4 18. Rfe1 Qxd5 (18... f5 19. d6+
Kh8 20. Bb4 Qd7 21. Bf1) 19. Qxd5 Nxd5 20. Rxe4 Rxe4 21. Bxe4 Rd8 22. Bf3 $14)
17... Qd6 18. Bd2 e4 19. Bb4 (19. Bf4 Be5) 19... Qe5 20. d6 Qxb2 21. Qxb2 Bxb2
22. d7 (22. Rab1 $5) 22... Red8 23. Rab1 Be5 24. Bxe4 Rxd7 25. Rxd7 Nxd7 26.
Bxb7 Rb8 27. Be7 $14 {[%csl Rb7,Ge7]}) 16. Qb3 O-O 17. Bd2 $16 {[%cal Gd2b4]
Now it's obvious that White has a clear advantage; his d-pawn starts to move
forward and together with the two bishops it becomes a decisive factor.} Rfc8 (
{I saw another option} 17... Rfe8 {but after} 18. Bb4 Qd7 19. d6 Rac8 (19... e4
20. Rfe1 $16 {[%csl Ge4]}) 20. Rad1 e4 21. Rfe1 Rc4 22. a4 $16 {with clear
advantage.}) 18. Bb4 Qd7 19. d6 Rc4 {This was my idea. Unfortunately it
doesn't bring any relief to Black.} (19... Nc4 20. Rac1 a5 21. Rxc4 Rxc4 22.
Qxc4 axb4 23. Rd1 Bf8 24. Qxb4 $16) 20. a4 $5 (20. Rfe1 Rac8 21. Rad1 $16)
20... e4 (20... Rac8 $140 21. a5 Qb5 22. axb6 $1 a5 (22... Rxb4 {loses on the
spot} 23. d7 Rd8 24. Qxb4 Qxb4 25. bxa7 Bf6 26. a8=Q Rxa8 27. Rxa8+ Kg7 28.
d8=Q Bxd8 29. Rxd8 $18) 23. Rxa5 Qxb4 24. Qxb4 Rxb4 25. d7 Rd8 26. Rc1 Kf8 27.
Bxb7 Rxb6 28. Rc8 Ke7 29. Bc6 Rb8 30. Rxb8 Rxb8 31. b4 $18) 21. Rfd1 Rd8 22.
Bf1 $1 $18 {Now White's light-squared B comes into the play with decisive
effect.} Rd4 23. a5 Nc8 (23... Rxd1 24. Rxd1 Qa4 25. Bc4 Qxb3 26. Bxb3 Nd7 27.
Rc1 $1 Bxb2 28. Rc7 $18) 24. Rxd4 Bxd4 25. Rd1 Be5 26. Qd5 $1 Bxd6 27. Qxe4 (
27. Bc3 Qe7 28. Qd4 f6 29. Qxf6 Qxf6 30. Bxf6 Ne7 31. Rxd6 Rxd6 32. Bxe7 $18 {
winning as well.}) 27... Qa4 (27... Qc7 28. Bc3 Be7 29. Rxd8+ Qxd8 30. Qxb7 $18
) 28. Qd4 Ne7 (28... Be7 29. Qxd8+ Bxd8 30. Rxd8+ Kg7 31. Bc3+ Kh6 32. Rxc8 $18
) 29. b3 $1 {A final touch.} Qxb3 30. Bc3 Kf8 31. Bc4 Qa4 32. Qh8+ Ng8 33. Qg7+
1-0

[Event "RUS-ch Superfinal 60th"]
[Site "Moscow"]
[Date "2007.12.26"]
[Round "7"]
[White "Morozevich, Alexander"]
[Black "Grischuk, Alexander"]
[Result "1-0"]
[WhiteElo "2755"]
[BlackElo "2715"]
[Annotator "Ftacnik,L"]
[PlyCount "53"]
[EventDate "2007.12.18"]
[EventType "tourn"]
[EventRounds "11"]
[EventCountry "RUS"]
[EventCategory "17"]
[SourceTitle "CBM 122"]
[Source "ChessBase"]
[SourceDate "2008.01.30"]
[SourceVersion "1"]
[SourceVersionDate "2008.01.30"]
[SourceQuality "1"]

1. d4 d5 2. c4 c6 3. Nc3 Nf6 4. cxd5 cxd5 5. Bf4 Nc6 6. e3 Bf5 7. Bb5 e6 8. Qa4
Qb6 9. Nf3 Be7 10. Ne5 O-O 11. Bxc6 Rfc8 {There were times when this variation
was hotly contested, but it's heyday is over. It seems that even 11...Qb2 is
sufficient for equality.} (11... Qxb2 12. O-O Rfc8 13. e4 bxc6 14. Nxc6 Bf8 15.
exf5 Qxc3 16. Rac1 Qa3 17. Qb5 Ne4 (17... Qxa2 {Matamoros Franco,C-Vera,H/
ESP-chT/2000/ 0,5}) 18. Qb7 exf5 19. f3 Nd6 20. Qd7 Re8 21. Rce1 Rxe1 22. Rxe1
Qc3 23. Rf1 Rc8 $11 {1-0 Knaak,R (2520)-Hector,J (2530)/Jyvaskyla 1994 (62)})
12. O-O (12. Bb5 a6 13. O-O axb5 14. Qxb5 Qxb5 15. Nxb5 Rc2 16. Rfb1 Ne4 17. f3
Nd2 18. Rd1 Rxb2 $17 {0-1 Vera,R (2584)-Hector,J (2509)/Istanbul 2000 (35)})
12... bxc6 13. Rfc1 c5 (13... Qxb2 $5 {It is possible, that White will think
twice before testing these waters in the future. Analysis has managed to prove
with the help of the computer, that the daring 13...Qxb2!? would put the first
player into the unenviable situation of fighting for dear life.} 14. Nxc6 Ba3
$1 15. Qa6 (15. h3 Bc2 $1 16. Qxc2 Rxc6 17. Rab1 Qxc2 18. Rxc2 Rac8 19. Rb3 Bf8
20. f3 a5 $19) 15... Bd3 $1 16. Qxd3 Rxc6 17. Ne2 (17. Rab1 Qxc1+ 18. Rxc1 Bxc1
$15) 17... Rxc1+ 18. Rxc1 Qxa2 19. Qa6 Qb3 $15) 14. dxc5 Rxc5 (14... Bxc5 15.
Nb5 Ne4 16. b4 Rab8 17. bxc5 Qxb5 18. Qxb5 Rxb5 19. g4 $11) 15. b4 Rcc8 16. a3
d4 $6 {Grischuk has played the game very nervously and in the long run far
below the level of his ability. The opening of the centre for Black was
desirable, but tactically it is not quite working.} (16... Nh5 17. Qd7 Qd8 (
17... Qc7 18. Qxc7 Rxc7 19. Nb5 Rxc1+ 20. Rxc1 Bf6 21. Nc6 $14) 18. Qxd8+ Bxd8
19. Nb5 Rxc1+ 20. Rxc1 a5 $11) 17. exd4 Qxd4 18. Nc6 $1 Qd7 (18... Qxf4 19.
Nxe7+ $18) (18... Rxc6 19. Qxc6 Rd8 20. Bc7 $18) 19. b5 Bf8 (19... a6 20. Nxe7+
Qxe7 21. b6 $14) (19... Qb7 20. Be5 Ng4 21. Qa6 Qxa6 22. Nxe7+ Kf8 23. Bxg7+
Kxe7 24. bxa6 $14) 20. Qa6 Bc5 $2 {The active move with the bishop is a false
solution, Grischuk has probably made a mistake in calculations.} (20... Bd3 21.
Ra2 (21. Rd1 $2 Bxb5 22. Nxb5 Qxc6 $17) 21... Nd5 22. Nxd5 exd5 23. Rd2 $14)
21. Rd1 Bd3 $2 {[%mdl 8192] This is an unbelievably daring continuation. Black
is quite simply putting his head into the lion's mouth.} (21... Qe8 22. Bd6
Bxd6 23. Rxd6 $16) 22. Bg3 (22. Ne5 Bxf2+ (22... Qd4 23. Nxd3 Qxc3 24. Rac1 Qb3
25. Nxc5 Rxc5 26. Qxa7 Rcc8 27. b6 $18) 23. Kh1 Qd4 24. Nxd3 Rxc3 25. Be5 Qxd3
26. Bxc3 Qg6 27. Qc6 $16) 22... Ng4 (22... Bxb5 $2 23. Qxb5 Qxc6 24. Rd8+ Rxd8
25. Qxc6 $18) 23. Qa4 {The simple retreat of the white lady demonstrates, how
feebly prepared was the aggressive action by Black.} (23. h3 Bxf2+ 24. Bxf2
Nxf2 25. Kxf2 Qd6 26. Rac1 $18) 23... f5 24. h3 f4 (24... a6 25. hxg4 axb5 26.
Ne5 $18) 25. Bh4 $1 {It is surely possible to solve the position with more
forceful moves. Morozevich's move practically excludes any resistance.} (25.
Qxf4 Nxf2 26. Bxf2 Rf8 27. Qg5 Bxf2+ 28. Kh1 $18) 25... Nh6 (25... Bxf2+ 26.
Bxf2 Nxf2 27. Kxf2 a6 28. bxa6 Rxc6 29. Rxd3 Qc7 30. Ne2 $18) 26. Ne4 Bf8 27.
Qb3 1-0

[Event "RUS-ch Superfinal 60th"]
[Site "Moscow"]
[Date "2007.12.27"]
[Round "8"]
[White "Grischuk, Alexander"]
[Black "Sakaev, Konstantin"]
[Result "1/2-1/2"]
[WhiteElo "2715"]
[BlackElo "2634"]
[PlyCount "98"]
[EventDate "2007.12.18"]
[EventType "tourn"]
[EventRounds "11"]
[EventCountry "RUS"]
[EventCategory "17"]
[SourceTitle "CBM 122"]
[Source "ChessBase"]
[SourceDate "2008.01.30"]
[SourceVersion "1"]
[SourceVersionDate "2008.01.30"]
[SourceQuality "1"]

1. e4 e5 2. Nf3 Nf6 3. Nxe5 d6 4. Nf3 Nxe4 5. d4 d5 6. Bd3 Nc6 7. Qe2 Bf5 8.
Nbd2 Qe7 9. O-O Nd6 10. Qd1 Bxd3 11. cxd3 Qd7 12. Ne5 Nxe5 13. dxe5 Nf5 14. Nf3
Bc5 15. d4 Bb6 16. a4 a5 17. b3 O-O 18. Ba3 Rfe8 19. Qd3 h6 20. Rfe1 Qe6 21.
Rad1 c6 22. h3 Rac8 23. g4 Ne7 24. Nh4 Ng6 25. Ng2 c5 26. f4 Qd7 27. e6 Qc7 28.
dxc5 Bxc5+ 29. Bxc5 Qxc5+ 30. Kh1 Ne7 31. exf7+ Kxf7 32. Ne3 Red8 33. Nf5 Nxf5
34. Qxf5+ Kg8 35. g5 hxg5 36. fxg5 d4 37. Qe6+ Kh8 38. g6 Qd5+ 39. Qxd5 Rxd5
40. Rd3 Rd6 41. Rg1 Rc3 42. Rgg3 Rxd3 43. Rxd3 Rxg6 44. Rxd4 Rg3 45. Rh4+ Kg8
46. b4 axb4 47. Rxb4 Rxh3+ 48. Kg2 Ra3 49. Rxb7 Rxa4 1/2-1/2

[Event "RUS-ch Superfinal 60th"]
[Site "Moscow"]
[Date "2007.12.28"]
[Round "9"]
[White "Timofeev, Artyom"]
[Black "Grischuk, Alexander"]
[Result "0-1"]
[WhiteElo "2637"]
[BlackElo "2715"]
[PlyCount "122"]
[EventDate "2007.12.18"]
[EventType "tourn"]
[EventRounds "11"]
[EventCountry "RUS"]
[EventCategory "17"]
[SourceTitle "CBM 122"]
[Source "ChessBase"]
[SourceDate "2008.01.30"]
[SourceVersion "1"]
[SourceVersionDate "2008.01.30"]
[SourceQuality "1"]

1. e4 c6 2. d4 d5 3. e5 Bf5 4. Be3 e6 5. Nd2 Nd7 6. c3 f6 7. Ngf3 Bg6 8. h4 Bh5
9. Be2 Ne7 10. Bf4 Qb6 11. O-O Bf7 12. b4 Qd8 13. Re1 f5 14. Ng5 Bg8 15. h5 h6
16. Nh3 g5 17. hxg6 Nxg6 18. Be3 Bf7 19. g3 Be7 20. f4 a5 21. a3 b5 22. Nb3 a4
23. Nc5 Nb6 24. Kf2 Nc4 25. Rh1 Qc7 26. Bh5 Rg8 27. Nd3 O-O-O 28. Ng1 Nh8 29.
Qf3 Bxh5 30. Rxh5 Nf7 31. Ne2 Rg4 32. Ra2 Rdg8 33. Nb2 Bf8 34. Nxc4 dxc4 35.
Rd2 Qd7 36. Ke1 Nh8 37. Bf2 Qd5 38. Ng1 Ng6 39. Qxd5 cxd5 40. Nf3 Ne7 41. Ke2
Kd7 42. Nh2 Rxg3 43. Bxg3 Rxg3 44. Rc2 Rg2+ 45. Kd1 Rg1+ 46. Ke2 Rg2+ 47. Kd1
Rg1+ 48. Ke2 Ra1 49. Rh3 Rxa3 50. Rg3 Nc6 51. Kf2 Bxb4 52. Rg7+ Be7 53. Nf1 b4
54. Ke3 Ra1 55. cxb4 Rxf1 56. b5 Nb4 57. Rf2 Rxf2 58. Kxf2 a3 59. b6 a2 60. b7
Nc6 61. Rg1 Kc7 0-1

[Event "RUS-ch Superfinal 60th"]
[Site "Moscow"]
[Date "2007.12.29"]
[Round "10"]
[White "Rychagov, Andrey"]
[Black "Grischuk, Alexander"]
[Result "0-1"]
[WhiteElo "2528"]
[BlackElo "2715"]
[PlyCount "200"]
[EventDate "2007.12.18"]
[EventType "tourn"]
[EventRounds "11"]
[EventCountry "RUS"]
[EventCategory "17"]
[SourceTitle "CBM 122"]
[Source "ChessBase"]
[SourceDate "2008.01.30"]
[SourceVersion "1"]
[SourceVersionDate "2008.01.30"]
[SourceQuality "1"]

1. d4 Nf6 2. c4 e6 3. Nf3 d5 4. Bg5 dxc4 5. Nc3 c6 6. e4 b5 7. e5 h6 8. Bh4 g5
9. exf6 gxh4 10. Ne5 Qxf6 11. g3 Nd7 12. Qe2 c5 13. Nc6 Bg7 14. Bg2 cxd4 15.
Nd5 Qf5 16. g4 Qg5 17. f4 d3 18. fxg5 dxe2 19. Nc7+ Kf8 20. Nxa8 Bb7 21. Nc7
Nb8 22. Nxb8 Bxg2 23. Kxe2 Ke7 24. Nba6 hxg5 25. Nxb5 Bxb2 26. Rab1 c3 27. Rxb2
cxb2 28. Rb1 f5 29. gxf5 g4 30. Kf2 Bb7 31. Nc5 g3+ 32. Kg1 Bd5 33. Nc3 Bf3 34.
Rxb2 exf5 35. Rb4 Kf6 36. Rf4 Ba8 37. Ne2 Re8 38. Nxg3 hxg3 39. hxg3 Re3 40.
Nd7+ Kg5 41. Ra4 Bc6 42. Rxa7 Re7 43. g4 f4 44. Ra5+ Kh4 45. Nf6 Kg3 46. Nh5+
Kxg4 47. Nf6+ Kg3 48. Ra3+ f3 49. Nh5+ Kg4 50. Ra5 Re6 51. Kf2 Rh6 52. Rc5 Bb7
53. Rb5 Bc6 54. Rc5 Be8 55. Rc4+ Kxh5 56. Kxf3 Ra6 57. Kf4 Kg6 58. a4 Kf6 59.
a5 Rxa5 60. Rb4 Bc6 61. Rc4 Rf5+ 62. Ke3 Re5+ 63. Kd4 Rd5+ 64. Ke3 Bb5 65. Rd4
Rh5 66. Kf4 Ke6 67. Ke4 Bc6+ 68. Kf4 Rf5+ 69. Ke3 Ke5 70. Rd3 Rh5 71. Rc3 Bd5
72. Kd2 Rh2+ 73. Ke3 Rh4 74. Kd3 Rg4 75. Ke3 Bc4 76. Kf3 Rh4 77. Ke3 Re4+ 78.
Kf3 Be2+ 79. Kf2 Kf4 80. Rc2 Bd3 81. Rb2 Re3 82. Rb4+ Be4 83. Rb2 Rh3 84. Re2
Bd3 85. Rd2 Rf3+ 86. Kg2 Bf1+ 87. Kg1 Ke3 88. Rd5 Bd3 89. Rg5 Be4 90. Kh2 Kf4
91. Rg8 Rf2+ 92. Kg1 Ra2 93. Rb8 Bd5 94. Rd8 Kg3 95. Kf1 Bf3 96. Ke1 Re2+ 97.
Kf1 Re3 98. Rg8+ Bg4 99. Rg7 Re8 100. Rg5 Rh8 0-1

[Event "Baku FIDE GP"]
[Site "Baku"]
[Date "2008.04.21"]
[Round "1"]
[White "Cheparinov, Ivan"]
[Black "Grischuk, Alexander"]
[Result "0-1"]
[WhiteElo "2696"]
[BlackElo "2716"]
[Annotator "Postny,E"]
[PlyCount "84"]
[EventDate "2008.04.21"]
[EventType "tourn"]
[EventRounds "13"]
[EventCountry "AZE"]
[EventCategory "19"]
[SourceTitle "CBM 124"]
[Source "ChessBase"]
[SourceDate "2008.05.28"]
[SourceVersion "1"]
[SourceVersionDate "2008.05.28"]
[SourceQuality "1"]

1. e4 e6 2. d4 d5 3. Nc3 Bb4 4. e5 c5 5. a3 Bxc3+ 6. bxc3 Ne7 7. Qg4 {The main
test to the Winawer variation of the French.} cxd4 {Grischuk is accepting the
challenge and choosing the sharp line. Black is giving up both his kingside
pawns, but ruining White's central pawn chain.} ({Another common theoretical
line is:} 7... O-O 8. Bd3 Nbc6) 8. Qxg7 Rg8 9. Qxh7 Qc7 10. Ne2 Nbc6 11. f4 ({
Here and on the next move it is bad for White to take on d4.} 11. cxd4 $2 Nxd4
$1) 11... Bd7 12. Qd3 dxc3 13. Nxc3 {This is the main continuation.} (13. Qxc3
{has appeared in practice many times as well.}) ({An interesting idea was
recently succesfully employed by Shirov and Svidler.} 13. Rg1 $5 {White is
trying to push his pawn majority as fast as possible, without wasting time on
capturing the Pc3.} O-O-O 14. g4 d4 15. Rb1 (15. h4 $6 Be8 16. h5 f6 17. exf6
Nd5 18. Bh3 Kb8 19. g5 Bxh5 $17 {1-0 Shirov,A (2739)-Shulman,Y (2616)/
Khanty-Mansiysk RUS 2007/The Week in Chess 682 (39)}) 15... Be8 16. Rg3 f6 (
16... Rh8 $5) 17. exf6 Nd5 18. Qc4 e5 19. g5 Bf7 20. Qd3 Bg6 21. f5 Bh5 22. Qe4
Rge8 23. Kf2 Bf7 24. Bg2 $18 {1-0 Svidler,P (2732)-Berg,E (2593)/Crete 2007/
CBM 121 (41)}) 13... a6 14. Rb1 Na5 15. h4 {Pushing the passed pawn forward
and preparing to develop the kingside rook via h3.} Nf5 {[%csl Rg3]} 16. Rh3
O-O-O {The position is very complicated and dynamic. Black definitely has a
compensation for the sacrificed pawn. The main question is whether White will
be able to parry Black's threats and keep his extra pawn...} 17. h5 Nc4 (17...
d4 $6 18. Ne4 Bb5 19. Rxb5 $1 axb5 20. Nf6 Rh8 21. g4 Ne3 22. Bxe3 dxe3 23.
Qxe3 Kb8 24. Bxb5 Qxc2 25. Be2 Nc4 26. Qc3 Qb1+ 27. Kf2 Nb2 28. Kg2 $14 {
1-0 Seres,L (2400)-Brinck Claussen,B (2359)/Budapest 2006/CBM 112 ext (40)})
18. Rb4 Bc6 19. Ne2 ({After} 19. h6 $6 Rg6 20. h7 Rh8 {[%csl Rh7] the pawn is
most likely to be surrounded and captured.}) 19... Bb5 20. a4 Qc5 $1 {All
theory so far...} 21. Qc3 $2 {The critical moment. According to the ChessBase
website, Cheparinov said after the game that he forgot the right move 21.Ba3
which was analysed at home. Had this position been totally unknown and not
investigated, I don't think that he would reveal in public which move is the
right one. However, the explanation to Cheparinov's candour is simple: this
position already appeared in practice 20 years ago in an encounter between
renowned grandmasters! It is also curious that the wrong move executed by the
Bulgarian GM is not new as well. In modern chess it's really hard to create
even a bad novelty!} ({Let's see, what could possibly happen if Cheparinov had
made the right move.} 21. Ba3 Bc6 22. Qc3 (22. Qb3 $2 Nce3 {[%csl Rc2,Rg2]} 23.
Rxb7 Nxc2+ 24. Kd2 Nxa3 25. Rb8+ Kc7 $19) (22. h6 Rg6 23. h7 Rh8 24. Qb3 Qa7 (
24... Nce3 $2 25. Rxb7 Nxc2+ 26. Kd2 Nxa3 27. Rb8+ Kc7 28. Rxh8 $18) 25. Rxc4
dxc4 26. Qxc4 Qb6 $15) 22... Qa7 (22... Rg4 $5 23. a5 Rh8 $13) 23. a5 Kb8 24.
Rb6 $1 Nxb6 25. Bc5 $14 {1/2-1/2 Hort,V (2595)-Nogueiras,J (2550)/Biel 1988/
CBM 009 (43)}) 21... d4 $1 {This is a thematic thrust in these "French
positions". Grischuk proves convincingly that one mistake in a sharp position
is enough.} (21... Bc6 $2 22. a5 Bb5 23. Rxb5 Qxb5 24. Nd4 Nxd4 25. Qxd4 Qb1
26. Kd1 $13 {1/2-1/2 Maros,M (2225)-Hagara,E (2271)/Slovakia 2000/EXT 2001 (42)
}) 22. Qb3 Na5 23. Rxb5 {The exchange sacrifice does not really make White's
life easier.} (23. Qa3 Bxe2 $1 24. Kxe2 (24. Bxe2 Rxg2 $19) 24... d3+ $1 25.
cxd3 (25. Rxd3 Rxd3 26. cxd3 Ng3+ 27. Ke1 Qg1 $19) 25... Nc6 26. Rc4 Qg1 27.
Qc5 Rxg2+ 28. Ke1 Rd4 $1 (28... Nfd4 $6 29. Qxd4 $1 Rxd4 30. Be3 Rxc4 31. dxc4
Qh2 32. Rxh2 Rxh2 33. Be2 Ne7 {is less convincing.}) 29. Rc2 Ng3 30. Qf8+ Rd8
31. Rxg3 Rxg3 32. Qc5 Qh1 $19) (23. Qb2 $1 {would be objectively better,
though extremely dangerous for White.} Bxe2 (23... Bc6 24. h6 Nc4 25. Rxc4 Qxc4
26. h7 Rh8 27. Ng3 Qd5 28. Nxf5 Qe4+ 29. Kf2 Qxf5 30. Bd3 Be4 31. Qa3 Rxh7 32.
Qc5+ Kb8 33. Qe7 {and White is still alive.}) 24. Kxe2 Ng3+ 25. Rxg3 $1 (25.
Kf2 $2 {falls into} d3+ 26. Be3 d2 $1 27. Bxc5 d1=Q {[%csl Rf1][%cal Gd8d2]}
28. Qb1 Rd2+ 29. Kg1 Rxg2+ $1 30. Kxg2 Qd5+ 31. Kf2 Qxc5+ 32. Kf3 Nxf1 33. Qxf1
Qxb4 $19) 25... Rxg3 26. Kf2 Rc3 27. Bd3 {Of course, White is clearly worse
but, not lost yet.}) 23... Nxb3 24. Rxc5+ Nxc5 {White is an exchange down
without any real compensation.} 25. Ng1 (25. c3 d3 26. Nd4 Ng3 $1 (26... Nxd4
$6 27. cxd4 Rxd4 28. Be3 Rd5 29. h6 {gives White practical chances.}) 27. h6
Rg4 {followed by 28...Rh8 with a winning position.}) 25... Rg3 26. Ba3 d3 $1 {
Opening the d-file.} 27. Rxg3 Nxg3 ({There is a nice line pointed out by an
engine:} 27... d2+ $6 28. Kd1 Ne4 $1 29. Rf3 Nf2+ $1 30. Rxf2 Ne3+ 31. Ke2
d1=Q+ 32. Kxe3 Qd4+ 33. Kf3 Qc3+ 34. Bd3 Qxa3 35. g4 Qxa4 36. h6 {It is
interesting that with an extra queen Black's winning task is much harder than
with an extra exchange...}) 28. cxd3 Nxa4 29. Ne2 (29. Be2 Nc3 {is lost for
White as well.}) 29... Nxh5 30. g4 Rxd3 $1 {Well calculated.} 31. gxh5 Rxa3 32.
h6 Ra1+ $1 ({The last trap that had to be avoided was} 32... Rd3 $2 {[%tqu
"En","How can White save the game?","","","e2c3","",5]} 33. Nc3 $3 Rd8 (33...
Rxc3 $4 34. h7 $18) 34. Nxa4 Rh8 {White should not have many problems to hold
this endgame.}) 33. Kf2 Rd1 34. h7 Rd8 {The rook is just in time to stop the
h-pawn. The game is over.} 35. Nd4 Nc5 36. Nf3 Kd7 37. f5 exf5 38. Bh3 Ke7 39.
Bxf5 a5 40. Bb1 a4 41. Nd4 Rh8 42. Nf5+ Kf8 0-1